| 000 | 01621nam a22001817a 4500 | ||
|---|---|---|---|
| 999 |
_c60342 _d60342 |
||
| 003 | Ge_BSU | ||
| 005 | 20230630122509.0 | ||
| 008 | 230630s1981 ge ||||| |||| 00| 0 geo d | ||
| 041 | _ageo | ||
| 080 | _a902.2(479.221.1) ბ-88 | ||
| 245 |
_aარქეოლოგიური გათხრები აღაიანსა და ძალისში : _bნაწ. 1, ნასტაკისის არქეოლოგიური ექსპედიციის შრომები / _cალექსი ბოხოჩაძე; საქ. სსრ მეცნ. აკად., არქეოლ. კომ., ივ. ჯავახიშვილის სახ. ისტორიის, არქეოლოგ. და ეთნოგრ. ინ-ტის არქეოლოგ. კვლევ. ცენტრი. |
||
| 264 |
_aთბილისი : _bმეცნიერება, _c1981. |
||
| 300 |
_a103 გვ. : _bილ., 27 ფ. ილ. _c26 სმ. |
||
| 653 | _aარქეოლოგიური გათხრები ქართლში | ||
| 653 | _aნასტაკისის არქეოლოგიური ექსპედიცია | ||
| 710 |
_aსაქართველოს სსრ მეცნიერებათა აკადემია. _b ივ. ჯავახიშვილის სახ. ისტორიის, არქეოლოგიის და ეთნოგრაფიის ინსტიტუტი. არქეოლოგიის კვლევითი ცენტრი. _919111 |
||
| 942 |
_2udc _cBK |
||